000 00890nam a2200277Ia 4500
003 OSt
005 20221005080203.0
006 a|||||r|||| 00| 0
007 ta
008 221004b |||||||| |||| 00| 0 eng d
020 _a8125020071
_c380
024 _a82990
037 _b3062, 30/03/2005, Vansha Books International
_cTextual
040 _aCRL
_cCRL
_beng
041 _2eng
_aeng
082 _aY.271'N97<---M00, P1
100 _aPati Biswamoy
245 0 _aSituating social history
_b Orissa (1800-1997)
260 _aNew Delhi
_bOrient Longman India
_c2001
300 _a182p.
_ccm.
490 _aNew perspectives in South Asian History-2
650 _a SOCIOLOGY
650 _aORISSA - SOCIAL CONDITIONS
_9589732
942 _hY.271'N97<---M00, P1
_cTEXL
_2cc
999 _c985777
_d985777